000 01019nam a2200241Ia 4500
003 Ost
005 20260507074845.0
008 260507s9999||||xx |||||||||||||| ||und||
020 _a9789931606536
040 _cfsecg
041 _aara
082 _a338.27
100 _aماضي، محمد
_eمؤلف
245 0 _aإدارة المصادر النفطية /
_c محمد ماضي
260 _aتلمسان:
_bالمكتب الجامعي الحديث,
_c2017
300 _a212 صفحة؛
_bإيضاحات ؛
_c24 سم
504 _aالملاحق ص.199
520 _aيضم تحليل البيئة الداخلية والخارجية لمنظمة الأوبك، تسيير الموارد المالية لفوائظ الايرادات النفطية-دراسة مقارنة، التجربة النرويجية في تسيير الفوائض المالية
653 _aالبترول
653 _aالبترول-اقتصاديات
700 _aديب، كمال
_eمؤلف ثانوي
942 _cكتاب
999 _c41535
_d41535